Science Quiz

Random Science or Biology Quiz
Score 0/28 Timer 06:00
7 Plays Today
% Correct
Adélie Penguin
96.9%
Polar Bear
96.8%
Black Rhinoceros (infant)
96.1%
Scarlet Macaw
93%
Spider Crab
92.5%
Elephant Seal
92.2%
Mountain Gorilla
91.6%
Chimpanzee
91.6%
Golden Eagle
91.3%
Scorpion
91.3%
Zebra
89.9%
Meerkat
89.2%
Tortoise
87.7%
Grizzly Bear
87.5%
% Correct
Chameleon
85.5%
Otter
85.3%
Kangaroo
85.2%
Ring-tailed Lemur
82.8%
Orangutan
81.7%
Three-toed Sloth
79%
Millipede
78.6%
Komodo Dragon
77.6%
Iguana
77.3%
Hedgehog
77%
Manatee
75.1%
Kiwi
70.1%
Common Kestrel
69.4%
Albatross (infant)
47.2%
Remove Ads.
Support Sporcle.
Get the best of Sporcle when you Go Orange. This ad-free experience offers more features, more stats, and more fun while also helping to support Sporcle. Thank you for becoming a member.

You're not logged in!

Compare scores with friends on all Sporcle quizzes.
OR
Log In

Show Comments

Extras

Top Quizzes Today


Score Distribution

Your Account Isn't Verified!

In order to create a playlist on Sporcle, you need to verify the email address you used during registration. Go to your Sporcle Settings to finish the process.

Report this User

Report this user for behavior that violates our Community Guidelines.

Details: